00739nam a2200229 a 450000100060000000300080000600500170001400800410003102000150007203500190008704000320010604100080013808200240014610000210017024500910019126000530028230000350033550400360037065000290040665000380043583000360047357997BD-RjUL20211209080557.0161212r19871985chia b 001 0 eng  a0830410724 a(BD-RjUL)58121 aDLCcDLCdDLCdBD-RjULbeng aeng00a306.8223bCOS 19871 aCollins, Randall10aSociology of marriage and the family :bgender, love, and property /cRandall Collins. aChicago :bNelson-Hall,cc1985 [Reprinted 1987]. axvii, 509 p. :bill. ;c24 cm. aIncludes index and bibliography 0aFamilieszUnited States. 0aFamiliesvCross-cultural studies. aNelson-Hall series in sociology